00596nam a2200181Ia 4500008004100000020001500041041001200056082001700068100001800085245005800103260002500161300000800186650001700194700001900211942000700230999001500237952016200252221030s9999 xx 000 0 und d a8120321650 aEnglish a105.23bThus aG. J. Thuesen 0aEngineering Economycby G. J. Thuesen, W. J. Fabrycky bPHIaNew Delhic2002 a678 aBE Economics aW. J. Fabrycky cBK c1577d1577 pBE 6368g150.00l0o105.23 Thusr2024-06-13 00:00:00w2022-10-30yBK003Print4071aMIETLIBbMIETLIBcBL-Second, FL-1, CUP-78, SH-3, R-3d2003-01-2410HBE